| 000 | 00622nam a2200253Ia 4500 | ||
|---|---|---|---|
| 003 | OSt | ||
| 005 | 20220912150237.0 | ||
| 006 | a|||||r|||| 00| 0 | ||
| 007 | ta | ||
| 008 | 220909b |||||||| |||| 00| 0 eng d | ||
| 024 | _a44905 | ||
| 037 | _cTextual | ||
| 040 |
_aCSL _beng _cCSL |
||
| 041 | _aeng | ||
| 082 | _aH:(C), M9 | ||
| 100 | _aSheriff R E | ||
| 245 | 0 | _aGeophysical methods | |
| 260 |
_aEnglewood _bCliffs Prentice Hall _c1989 |
||
| 300 |
_axviii,605p. _ccm. |
||
| 650 | _a Geophysics | ||
| 650 | _aGeology | ||
| 942 |
_hH:(C), M9 _cTEXL _2CC |
||
| 999 |
_c42813 _d42813 |
||